|
|
|
|
| LEADER |
00000nac a22000007a 4500 |
| 003 |
Ucuenca |
| 005 |
20231208062730.0 |
| 008 |
181204b1979 sp ||||| |||| 00| 0 spa d |
| 999 |
|
|
|c 156316
|d 156316
|
| 040 |
|
|
|b spa
|a UCuenca-cdrjbv
|c UCuenca
|e rda
|
| 041 |
0 |
|
|a spa
|
| 082 |
0 |
|
|a 610.946
|
| 100 |
1 |
|
|a Granjel, Luis S.
|d 1920-2014
|9 231515
|
| 245 |
|
3 |
|a La medicina española del siglo XVIII
|c Luis S. Granjel
|
| 264 |
|
|
|a Salamanca
|b Universidad de Salamanca
|c 1979
|
| 300 |
|
|
|a 285 páginas:
|b ilu
|c 25 cm
|
| 336 |
|
|
|2 rdacontent
|a texto
|b txt
|
| 337 |
|
|
|2 rdamedia
|a no mediado
|b n
|
| 338 |
|
|
|2 rdacarrier
|a volumen
|b nc
|
| 490 |
|
|
|a Historia General de la Medicina Española
|n no. 4
|
| 504 |
|
|
|a incl. ref.
|
| 505 |
1 |
|
|a Los médicos del siglo XVIII -- La formación del médico -- Sociedades, academias y colegios -- Ejercicio profesional -- Sociedad y enfermedad -- Política sanitaria -- La realidad humana -- Medicina clínica -- Literatura especializada -- Cirugía general. Traumatología -- Especialidades -- Terapéutica
|
| 650 |
|
7 |
|a Geografía universal
|9 4326
|
| 650 |
1 |
0 |
|a Historia
|9 94
|
| 942 |
|
|
|c CR
|z bladimir.cabrerar@ucuenca.edu.ec
|2 ddc
|